[Event "Leipzig VfB op 10th"]
[White "Kalkhof, Sandra"]
[Black "Zschiedrich, Heiko"]
[Site "Leipzig"]
[Round "8"]
[Result "0-1"]
[Date "2003.03.15"]
[WhiteElo "1841"]
[BlackElo "2160"]
[PlyCount "48"]
[EventDate "2003.03.11"]
[EventType "swiss"]
[EventRounds "9"]
[EventCountry "GER"]
[SourceTitle "EXT 2008"]
[Source "ChessBase"]
[SourceDate "2007.11.25"]
[SourceVersion "1"]
[SourceVersionDate "2007.11.25"]
[SourceQuality "1"]

1. e4 e6 2. d4 d5 3. Nc3 Nf6 4. Bg5 Be7 5. e5 Nfd7 6. Bxe7 Qxe7 7. f4 0-0 8. Nf3 c5 9. Be2 f6 10. g3 Nc6 11. exf6 Nxf6 12. Qd2 cxd4 13. Nxd4 a6 14. 0-0-0 Nxd4 15. Qxd4 b5 16. Bf3 b4 17. Na4 Rb8 18. Rhe1 Qc7 19. Nc5 Rb6 20. Rd2 Rc6 21. Nxe6 Bxe6 22. Rxe6 Rxe6 23. Bxd5 Nxd5 24. Qxd5 Qf7 0-1

[Event "Leipzig VfB op 10th"]
[White "Bodzyn, Karsten"]
[Black "Kalkhof, Sandra"]
[Site "Leipzig"]
[Round "6"]
[Result "1/2-1/2"]
[Date "2003.03.14"]
[WhiteElo "2095"]
[BlackElo "1841"]
[PlyCount "64"]
[EventDate "2003.03.11"]
[EventType "swiss"]
[EventRounds "9"]
[EventCountry "GER"]
[SourceTitle "EXT 2008"]
[Source "ChessBase"]
[SourceDate "2007.11.25"]
[SourceVersion "1"]
[SourceVersionDate "2007.11.25"]
[SourceQuality "1"]

1. c4 e5 2. Nc3 Nf6 3. g3 d5 4. cxd5 Nxd5 5. Bg2 Nb6 6. d3 Be7 7. Nf3 Nc6 8. 0-0 0-0 9. a3 Be6 10. b4 a6 11. Bb2 Qd7 12. Ne4 f6 13. Nc5 Bxc5 14. bxc5 Nc8 15. d4 exd4 16. Nxd4 N8e7 17. Nxe6 Qxe6 18. Qc2 Rfd8 19. Be4 g6 20. h4 Rab8 21. Rfd1 Kg7 22. Rxd8 Rxd8 23. Rb1 Rb8 24. Rd1 Rd8 25. Rxd8 Nxd8 26. h5 c6 27. hxg6 hxg6 28. Bd3 Nf7 29. Bc4 Qf5 30. Bd3 Qd5 31. Be4 Qe6 32. f4 Nh6 1/2-1/2

[Event "Leipzig VfB op 10th"]
[White "Kalkhof, Sandra"]
[Black "Hasenclever, Leonard"]
[Site "Leipzig"]
[Round "1"]
[Result "1-0"]
[Date "2003.03.11"]
[WhiteElo "1841"]
[BlackElo "1231"]
[PlyCount "51"]
[EventDate "2003.03.11"]
[EventType "swiss"]
[EventRounds "9"]
[EventCountry "GER"]
[SourceTitle "EXT 2008"]
[Source "ChessBase"]
[SourceDate "2007.11.25"]
[SourceVersion "1"]
[SourceVersionDate "2007.11.25"]
[SourceQuality "1"]

1. e4 c5 2. Nf3 d6 3. d4 cxd4 4. Nxd4 Nf6 5. Nc3 g6 6. f4 Bg7 7. e5 dxe5 8. fxe5 Ng4 9. Bb5+ Bd7 10. Qxg4 0-0 11. Bxd7 Nxd7 12. Qe4 Nxe5 13. Nf3 Nc6 14. 0-0 Qb6+ 15. Kh1 Rfd8 16. a4 Rd7 17. Qc4 Rf8 18. Rb1 a5 19. Nb5 Nb4 20. c3 Nd5 21. Qe2 Nc7 22. Be3 Qc6 23. Nfd4 Qa6 24. Nxc7 Qxe2 25. Nxe2 Rxc7 26. Bb6 1-0

[Event "Baunatal op 7th"]
[White "Kalkhof, Sandra"]
[Black "Elstner, Eik"]
[Site "Baunatal"]
[Round "7"]
[Result "1/2-1/2"]
[Date "2001.08.15"]
[WhiteElo "1805"]
[BlackElo "1559"]
[PlyCount "42"]
[EventDate "2001.08.08"]
[EventType "swiss"]
[EventRounds "7"]
[EventCountry "GER"]
[SourceTitle "EXT 2002"]
[Source "ChessBase"]
[SourceDate "2001.11.25"]
[SourceVersion "1"]
[SourceVersionDate "2001.11.25"]
[SourceQuality "1"]

1. e4 e5 2. Nf3 Nc6 3. d4 exd4 4. Nxd4 Bc5 5. Nb3 Bb6 6. Nc3 d6 7. Be2 Be6 8. Nd5 Nge7 9. 0-0 0-0 10. a4 a6 11. Nxb6 cxb6 12. c3 d5 13. exd5 Qxd5 14. Qxd5 Nxd5 15. Nd2 Nf4 16. Bc4 Ne5 17. Bxe6 Nxe6 18. Ne4 Rfd8 19. b3 Nc5 20. Nxc5 bxc5 21. Be3 c4 1/2-1/2

[Event "Baunatal op 7th"]
[White "Herrmann, Arnd Peter"]
[Black "Kalkhof, Sandra"]
[Site "Baunatal"]
[Round "3"]
[Result "1-0"]
[Date "2001.08.09"]
[WhiteElo "2117"]
[BlackElo "1805"]
[PlyCount "123"]
[EventDate "2001.08.08"]
[EventType "swiss"]
[EventRounds "7"]
[EventCountry "GER"]
[SourceTitle "EXT 2002"]
[Source "ChessBase"]
[SourceDate "2001.11.25"]
[SourceVersion "1"]
[SourceVersionDate "2001.11.25"]
[SourceQuality "1"]

1. d4 d5 2. c4 e6 3. Nc3 Nf6 4. Bg5 Nbd7 5. Nf3 Be7 6. e3 0-0 7. Rc1 c6 8. a3 Re8 9. h3 Ne4 10. Nxe4 dxe4 11. Bxe7 Qxe7 12. Ne5 f5 13. Nxd7 Bxd7 14. c5 Rad8 15. b4 Qf6 16. Bc4 Re7 17. 0-0 g5 18. f3 exf3 19. Qxf3 Kh8 20. Rcd1 Rg7 21. Rf2 Qh6 22. g4 Rf8 23. e4 f4 24. Kg2 Qf6 25. Qd3 Rd8 26. Kf3 Be8 27. Rfd2 Rgd7 28. Qc3 Bf7 29. b5 Kg8 30. Kg2 Qe7 31. Qb3 Qf6 32. e5 Qe7 33. Qa4 b6 34. bxc6 Rc7 35. cxb6 axb6 36. Bb5 Ra7 37. Qb4 Bg6 38. Qxe7 Be4+ 39. Kf2 Rxe7 40. Rc1 Rc7 41. Re1 Bd5 42. Rc2 Ra8 43. Rc3 Ra5 44. a4 Ra8 45. Rec1 Kf7 46. Ke2 Rh8 47. Kd2 h5 48. gxh5 Rxh5 49. Rg1 f3 50. Rg3 Rh4 51. Ke3 Re4+ 52. Kxf3 Rxe5+ 53. Kg4 Re4+ 54. Kxg5 Rxd4 55. Rg4 Rd2 56. h4 Rh2 57. h5 Kg7 58. Rcg3 Kf7 59. Kf4 e5+ 60. Kxe5 Rxh5+ 61. Kd6 Rc8 62. Rf4+ 1-0

[Event "Baunatal op 7th"]
[White "Klink, Tamara"]
[Black "Kalkhof, Sandra"]
[Site "Baunatal"]
[Round "1"]
[Result "1-0"]
[Date "2001.08.08"]
[WhiteElo "2320"]
[BlackElo "1805"]
[PlyCount "81"]
[EventDate "2001.08.08"]
[EventType "swiss"]
[EventRounds "7"]
[EventCountry "GER"]
[SourceTitle "EXT 2002"]
[Source "ChessBase"]
[SourceDate "2001.11.25"]
[SourceVersion "1"]
[SourceVersionDate "2001.11.25"]
[SourceQuality "1"]

1. e4 e5 2. Nf3 Nf6 3. Nxe5 d6 4. Nf3 Nxe4 5. d4 d5 6. Bd3 Be7 7. h3 Nc6 8. 0-0 0-0 9. c3 Be6 10. Re1 Nd6 11. Qc2 h6 12. Bf4 Qd7 13. Ne5 Nxe5 14. dxe5 Nc8 15. Nd2 c5 16. Rad1 Qc6 17. Nf3 Nb6 18. Qc1 d4 19. Bb1 dxc3 20. bxc3 Bd5 21. Qc2 Qg6 22. Qe2 Qe6 23. Qd3 Qg6 24. Qxd5 Nxd5 25. Bxg6 Nxf4 26. Be4 Rfd8 27. Rxd8+ Rxd8 28. Bxb7 Rb8 29. Ba6 Nd5 30. Rc1 Rb2 31. a4 Rb3 32. Rd1 Nxc3 33. Rd7 Kf8 34. Rxa7 g6 35. a5 Rb1+ 36. Kh2 Ra1 37. Bd3 Nd5 38. Bc4 Nb4 39. a6 Nc6 40. Rc7 Nb4 41. a7 1-0

[Event "Passau op 8th"]
[White "Heil, Walter"]
[Black "Kalkhof, Sandra"]
[Site "Passau"]
[Round "6"]
[Result "1-0"]
[Date "2000.04.23"]
[WhiteElo "2080"]
[BlackElo "1773"]
[PlyCount "83"]
[EventDate "2000.04.21"]
[EventType "swiss"]
[EventRounds "7"]
[EventCountry "GER"]
[SourceTitle "CBM 076 Extra"]
[Source "ChessBase"]
[SourceDate "2000.07.11"]
[SourceVersion "1"]
[SourceVersionDate "2000.07.11"]
[SourceQuality "1"]

1. e4 e5 2. Nc3 Nf6 3. f4 exf4 4. e5 Ng8 5. Nf3 d5 6. d4 g5 7. h4 g4 8. Ng5 h6 9. Nxf7 Kxf7 10. Bxf4 c6 11. Bd3 Be6 12. 0-0 Ke7 13. Ne2 Qb6 14. c3 Nd7 15. Ng3 Kd8 16. Nf5 h5 17. b4 Kc7 18. a4 a6 19. Nd6 Bg7 20. Kh1 Rf8 21. b5 axb5 22. axb5 c5 23. c4 Ne7 24. Qc2 Ra8 25. Rac1 Rhf8 26. cxd5 Rxf4 27. Rxf4 Bxd5 28. dxc5 Qa5 29. Rf2 Qa2 30. Qxa2 Rxa2 31. Rxa2 Bxa2 32. Ne8+ Kb8 33. Nxg7 Nxe5 34. Be4 Bf7 35. b6 Kc8 36. Ra1 N7c6 37. Bf5+ Kd8 38. Ra7 Ke7 39. Be4 Nd4 40. Nf5+ Nxf5 41. Bxf5 Bd5 42. Bc8 1-0